Multiple Choice City Quiz – New York City - Statistics

General Stats
  • This quiz has been taken 25,875 times
    25,841 since last reset
  • The average score is 8 of 10
Answer Stats
Question Answer % Correct
Where would you find the New York Stock Exchange? Wall Street
96%
What New York skyscraper was the world's tallest building from 1931–1970? Empire State Building
88%
Which of these organizations is headquartered in New York City? The United Nations
87%
Who founded the settlement that later became New York City? The Dutch
85%
Which of these is NOT a professional sports team in the New York area? Vets
85%
Which of these islands is NOT a part of New York City? Nantucket
83%
How many boroughs comprise New York City? 5
75%
Which of these superheroes is from New York City? Doctor Strange
63%
Which of these is NOT a neighborhood in Manhattan? The Cobblestone District
56%
What museum is located in Theodore Roosevelt Park? American Museum of Natural History
38%
No matching quizzes found
Score Distribution
Percent of People with Each Score
Percentile by Number Answered
Your Score History
You have not taken this quiz since the last reset